| 000 | 00537nam a2200181Ia 4500 | ||
|---|---|---|---|
| 005 | 20250923150305.0 | ||
| 008 | 008 250917s9999 xx 000 0 eng d | ||
| 037 | _aTextual | ||
| 040 |
_aDSWL _beng _cDSWL |
||
| 041 |
_aeng _2eng |
||
| 084 |
_aYX:f, Q1 _qDSWL |
||
| 245 | 4 |
_aThe sage handbook of qualitative research _cEd.by Norman K Denzin |
|
| 260 |
_aLos Angels _bAngles Sage Publications _c2011 |
||
| 300 | _a766 p. | ||
| 650 |
_a Yvonna S LINCOLN _9844342 |
||
| 942 |
_cTEXL _hYX:f, Q1 |
||
| 999 |
_c1461743 _d1461743 |
||